| 000 | 01045nam a22002537a 4500 | ||
|---|---|---|---|
| 003 | BD-DhSAU | ||
| 005 | 20221103153553.0 | ||
| 008 | 150612b2021 bg ad||| m||| 00| 0 eng d | ||
| 040 | _aBD-DhSAU | ||
| 082 |
_222 _a581 _bSo38 |
||
| 100 |
_aSOJIB, MD. SIFAT HASAN _eRegistration no. # 19-10132 |
||
| 245 |
_aEffects of irrigation frequency on growth and yield of different mustard varieties / _bMS thesis |
||
| 260 |
_aSher-e-Bangla Agricultural Uniersity : _bDepartment of Agricultural Botany, _c2021 |
||
| 300 |
_aviii, 64p. : _bill. ; _c30 cm. |
||
| 500 | _aMS thesis of Department of Agricultural Botany , Sher-e-Bangla Agricultural University, Dhaka, Bangladesh | ||
| 504 | _aIncludes bibliographical reference. | ||
| 590 | _aNazmul | ||
| 650 | _airrigation frequency | ||
| 650 | _amustard varieties | ||
| 700 |
_aProf. Dr. Nasima Akhter _eSuperviser |
||
| 700 |
_aProf. Dr. Md. Moinul Haque _eCo-superviser |
||
| 856 | _uhttp://archive.saulibrary.edu.bd:8080/xmlui/handle/123456789/4474 | ||
| 942 |
_2ddc _cTHESIS |
||
| 999 |
_c16180 _d16179 |
||